Kadra Anglii Na Euro 2020 - Statystyki

Ogólne statystyki
  • Ten quiz został rozwiązany 261 razy
  • Średni wynik to 16 z 25
Statystyki odpowiedzi
Hint Odpowiedź % Poprawnych
Napastnik Kane
97%
Bramkarz Pickford
96%
Obrońca Maguire
85%
Napastnik Sterling
85%
Obrońca Stones
84%
Obrońca Shaw
79%
Obrońca Walker
79%
Bramkarz Henderson
77%
Pomocnik Henderson
77%
Pomocnik Foden
70%
Napastnik Rashford
70%
Pomocnik Rice
67%
Pomocnik Mount
65%
Pomocnik Sancho
65%
Pomocnik Grealish
61%
Pomocnik Phillips
61%
Pomocnik Saka
61%
Obrońca Trippier
56%
Obrońca James
51%
Obrońca Chillwell
46%
Pomocnik Bellingham
43%
Obrońca Mings
37%
Napastnik Calvert Lewin
30%
Bramkarz Johnstone
21%
Obrońca Coady
16%
Nie znaleziono quizów pasujących do podanych kryteriów
Rozkład punktacji
Procent ludzi z każdym wynikiem
Percentyl według liczby udzielonych odpowiedzi
Twoja historia wyników
Nie rozwiązałeś tego quizu